000 00386pab a2200157 454500
008 180718b2017 xxu||||| |||| 00| 0 eng d
100 _aArun Kumar
245 _aUnion budget 2017-18: inadequate response in times of crisis
260 _c2017
300 _ap.3-8.
362 _a11 Feb
650 _aBudgets - India
650 _aBudgets
773 _aMainstream
909 _a113904
999 _c113898
_d113898